Gía trị hiện thực và giá trị nhân đạo trong ký Võ Đắc Danh : Luận văn Thạc sĩ Văn học chuyên ngành Văn học Việt Nam

Trên cơ sở lí luận và thể kí trong văn học Việt Nam,chúng tôi tiến hành nghiên cứu giá trị hiện thực và giá trị nhân đạo trong ký Võ Đắc Danh.

Сохранить в:
Библиографические подробности
Главный автор: Trần, Thanh Ngân
Формат:
Язык:Undetermined
Опубликовано: Cần Thơ Trường Đại học Cần Thơ 2010
Предметы:
Метки: Добавить метку
Нет меток, Требуется 1-ая метка записи!
Thư viện lưu trữ: Trung tâm Học liệu Trường Đại học Cần Thơ
LEADER 01100nam a2200229Ia 4500
001 CTU_163314
008 210402s9999 xx 000 0 und d
082 |a 895.9228009 
082 |b Ng121 
088 |a 60220121 
100 |a Trần, Thanh Ngân 
245 0 |a Gía trị hiện thực và giá trị nhân đạo trong ký Võ Đắc Danh : 
245 0 |b Luận văn Thạc sĩ Văn học chuyên ngành Văn học Việt Nam 
245 0 |c Trần Thanh Ngân; Tào Văn Ân (Hướng dẫn Khoa học) 
260 |a Cần Thơ 
260 |b Trường Đại học Cần Thơ 
260 |c 2010 
520 |a Trên cơ sở lí luận và thể kí trong văn học Việt Nam,chúng tôi tiến hành nghiên cứu giá trị hiện thực và giá trị nhân đạo trong ký Võ Đắc Danh. 
650 |a Vietnamese literature,Văn học Việt Nam 
650 |x History and criticism,Lịch sử và phê bình 
904 |i Thoa, Hải 
980 |a Trung tâm Học liệu Trường Đại học Cần Thơ